The 21 irrefutable laws of leadership : (Record no. 3297)
[ view plain ]
| 000 -LEADER | |
|---|---|
| fixed length control field | 02954cam a2200361 a 4500 |
| 001 - CONTROL NUMBER | |
| control field | 39257424 |
| 003 - CONTROL NUMBER IDENTIFIER | |
| control field | OCoLC |
| 005 - DATE AND TIME OF LATEST TRANSACTION | |
| control field | 20181108130652.0 |
| 008 - FIXED-LENGTH DATA ELEMENTS--GENERAL INFORMATION | |
| fixed length control field | 980527t19981998tnu b 000 0 eng |
| 010 ## - LIBRARY OF CONGRESS CONTROL NUMBER | |
| LC control number | 98008365 |
| 020 ## - INTERNATIONAL STANDARD BOOK NUMBER | |
| International Standard Book Number | 0785274316 |
| 020 ## - INTERNATIONAL STANDARD BOOK NUMBER | |
| International Standard Book Number | 9780785274315 |
| 020 ## - INTERNATIONAL STANDARD BOOK NUMBER | |
| International Standard Book Number | 0785270345 (pbk.) |
| 020 ## - INTERNATIONAL STANDARD BOOK NUMBER | |
| International Standard Book Number | 9780785270348 (pbk.) |
| 040 ## - CATALOGING SOURCE | |
| Original cataloging agency | DLC |
| Language of cataloging | eng |
| Transcribing agency | DLC |
| Modifying agency | AFQ |
| -- | LVB |
| -- | BAKER |
| -- | IMC |
| -- | MNY |
| -- | Y$M |
| -- | BTCTA |
| -- | YDXCP |
| -- | OCLCG |
| -- | ITC |
| -- | HTPCL |
| -- | TULIB |
| -- | TTS |
| -- | OCLCA |
| -- | KSU |
| -- | UtOrBLW |
| 050 00 - LIBRARY OF CONGRESS CALL NUMBER | |
| Classification number | HD57.7 |
| Item number | .M3937 1998 |
| 082 00 - DEWEY DECIMAL CLASSIFICATION NUMBER | |
| Classification number | 658.4 |
| Edition number | 21 |
| Item number | M465L |
| 100 1# - MAIN ENTRY--PERSONAL NAME | |
| Personal name | Maxwell, John C., |
| Dates associated with a name | 1947- |
| 245 14 - TITLE STATEMENT | |
| Title | The 21 irrefutable laws of leadership : |
| Remainder of title | follow them and people will follow you / |
| Statement of responsibility, etc. | John C. Maxwell |
| 246 3# - VARYING FORM OF TITLE | |
| Title proper/short title | Twenty one irrefutable laws of leadership |
| 264 #1 - PRODUCTION, PUBLICATION, DISTRIBUTION, MANUFACTURE, AND COPYRIGHT NOTICE | |
| Place of production, publication, distribution, manufacture | Nashville, Tenn. : |
| Name of producer, publisher, distributor, manufacturer | Thomas Nelson Publishers, |
| Date of production, publication, distribution, manufacture, or copyright notice | [1998] |
| 264 #4 - PRODUCTION, PUBLICATION, DISTRIBUTION, MANUFACTURE, AND COPYRIGHT NOTICE | |
| Date of production, publication, distribution, manufacture, or copyright notice | ©1998 |
| 300 ## - PHYSICAL DESCRIPTION | |
| Extent | xxi, 233 pages ; |
| Dimensions | 24 cm |
| 336 ## - CONTENT TYPE | |
| Content type term | text |
| Content type code | txt |
| Source | rdacontent |
| 337 ## - MEDIA TYPE | |
| Media type term | unmediated |
| Media type code | n |
| Source | rdamedia |
| 338 ## - CARRIER TYPE | |
| Carrier type term | volume |
| Carrier type code | nc |
| Source | rdacarrier |
| 504 ## - BIBLIOGRAPHY, ETC. NOTE | |
| Bibliography, etc. note | Includes bibliographical references (pages 229-233) |
| 505 0# - FORMATTED CONTENTS NOTE | |
| Formatted contents note | The law of the lid : leadership ability determines a person's level of effectiveness -- The law of influence : the true measure of leadership is influence, nothing more, nothing less -- The law of process : leadership develops daily, not in a day -- The law of navigation : anyone can steer the ship, but it takes a leader to chart the course -- The law of E.F. Hutton : when the real leader speaks, people listen -- The law of solid ground : trust is the foundation of leadership -- The law of respect : people naturally follow leaders stronger than themselves -- The law of intuition : leaders evaluate everything with a leadership bias -- The law of magnetism : who you are is who you attract -- The law of connection : leaders touch a heart before they ask for a hand -- The law of the inner circle : a leader's potential is determined by those closest to him -- The law of empowerment : only secure leaders give power to others -- The law of reproduction : it takes a leader to raise up a leader -- The law of buy-in : people buy into the leader, then the vision -- The law of victory : leaders find a way for the team to win -- The law of the big mo : momentum is a leader's best friend -- The law of priorities : leaders understand that activity is not necessarily accomplishment -- The law of sacrifice : a leader must give up to go up -- The law of timing : when to lead is as important as what to do and where to go -- The law of explosive growth : to add growth, lead followers--to multiply, lead leaders -- The law of legacy : a leader's lasting value is measured by succession |
| 520 ## - SUMMARY, ETC. | |
| Summary, etc. | John Maxwell reveals the leadership insights he has learned during the thirty-plus years of leadership successes he has had in business, politics, sports, religion, and military conflict |
| 650 #0 - SUBJECT ADDED ENTRY--TOPICAL TERM | |
| Topical term or geographic name entry element | Leadership |
| 650 #0 - SUBJECT ADDED ENTRY--TOPICAL TERM | |
| Topical term or geographic name entry element | Industrial management |
| 942 ## - ADDED ENTRY ELEMENTS (KOHA) | |
| Source of classification or shelving scheme | Dewey Decimal Classification |
| Koha item type | Books |
| Withdrawn status | Lost status | Source of classification or shelving scheme | Damaged status | Not for loan | Collection code | Home library | Current library | Shelving location | Date acquired | Cost, normal purchase price | Total Checkouts | Full call number | Barcode | Date last seen | Price effective from | Koha item type |
|---|---|---|---|---|---|---|---|---|---|---|---|---|---|---|---|---|
| Dewey Decimal Classification | Non-fiction | Harvest Mission College | Harvest Mission College | General Stacks | 08.11.2018 | 860.00 | 658.4 M465L | 003827 | 08.11.2018 | 08.11.2018 | Books |
